| 000 | 00594 a2200169 4500 | ||
|---|---|---|---|
| 005 | 20250611134647.0 | ||
| 020 | _a0-324-06954-5 | ||
| 082 | _aLECT 658.154 ING | ||
| 100 | _aINGRAM, R. W. | ||
| 245 | _aFinancial accounting: Information for Decisions | ||
| 250 | _a4th Ed. | ||
| 260 |
_aOhio, _bSouth-western college, _c2001. |
||
| 300 |
_axxiv, 568p.: ill.; chart, figure, graph, map, picture, table. _bGlossary & Index, _c28cm. |
||
| 700 | _aBALDWIN, B. A. | ||
| 856 |
_yAccess online book _fFinancial accounting: Information for decisions _dhttp://thomsonrights.com |
||
| 942 |
_2ddc _cBKS |
||
| 999 |
_c3557 _d3557 |
||